000 01549nam a2200373 a 4500
001 ebr10531193
003 CaPaEBR
006 m u
007 cr cn|||||||||
008 110811s2012 nyu sb 001 0 eng d
010 _z 2011033400
020 _z9780814768235 (cloth alk. paper)
020 _z9780814768242 (pbk. alk. paper)
020 _z9780814768761 (ebook)
020 _z9780814768259 (e-book)
040 _aCaPaEBR
_cCaPaEBR
035 _a(OCoLC)775441366
043 _an-us---
050 1 4 _aBX7056.Z5
_bP58 2012eb
082 0 4 _a262/.14973
_223
100 1 _aPitt, Richard N.
245 1 0 _aDivine callings
_h[electronic resource] :
_bunderstanding the call to ministry in Black Pentecostalism /
_cRichard N. Pitt.
260 _aNew York :
_bNew York University Press,
_cc2012.
300 _axi, 265 p.
504 _aIncludes bibliographical references and index.
505 0 _apt. 1. Introduction -- pt. 2. Becoming the called -- pt. 3. Being the called -- pt. 4. Conclusion.
533 _aElectronic reproduction.
_bPalo Alto, Calif. :
_cebrary,
_d2011.
_nAvailable via World Wide Web.
_nAccess may be limited to ebrary affiliated libraries.
610 2 0 _aChurch of God in Christ
_xClergy
_xAppointment, call, and election.
650 0 _aAfrican American clergy.
650 0 _aVocation, Ecclesiastical.
655 7 _aElectronic books.
_2local
710 2 _aebrary, Inc.
856 4 0 _uhttp://site.ebrary.com/lib/rucke/Doc?id=10531193
_zAn electronic book accessible through the World Wide Web; click to view
999 _c146882
_d146882